ultimate British Actresses Quiz - Statistics

General Stats
  • This quiz has been taken 126 times
    111 since last reset
  • The average score is 25 of 61
Answer Stats
KNown for initials Actress % Correct
Harry Potter, Beauty and the beast, Colony EW Emma Watson
97%
Cruella, Nanny McPhee, Harry Potter ET Emma Thompson
93%
Harry Potter, Downton Abbey MS Maggie Smith
85%
Imitation Games, Pirates of the Carribean KK Keira Knightley
83%
Harry potter, The Crown, The Kings Speech, Les Miserables ( 2 part surname) HBC Helena Bonham Carter
81%
The Devil wears prada, Mary Poppins returns, A quiet Place EB Emily Blunt
76%
Divergent, Titanic, Eternal sunshine of the spotless mind KW Kate Winslet
75%
Bridgerton, Sound of Music, Mary Poppins, Princess Diaries JA Julie Andrews
72%
The Favourite, Broadchurch OC Olivia Colman
72%
Mamma mia, Harry Potter, Educating Rita JW Julie Walters
63%
Stranger things, Godzilla, Enola Holmes MBB Millie Bobby Brown
61%
The Crown, Harry Potter, Downton ABbey the movie IS Imelda Staunton
58%
Shakespeare in Love, Tea with Mussolini JD Judi Dench
57%
Cinderella, Mamma Mia here we go again, Downton Abbey LJ LIly James
54%
Doctor strange, Narnia TS Tilda Swinton
53%
The Theory of everything, the Aeronauts, on the basis of Sex FJ felicity Jones
51%
Me Before you, Game of thrones, LAst christmas EC Emilia Clarke
50%
The Good Liar, Catherine the great, Woman in Gold, Collateral HM Helen Mirren
49%
Vicar of Dibley, Fat lady in Harry Potter DF Dawn French
47%
Killing Eve, Free Guy, Thirteen, The White Princess JC Jodie Comer
43%
Love Rosie, Emily in Paris, Mirror Mirror LC lily Collins
43%
Fleabag, write of Killing eve ( 2 PART SURNAME) PWB Phoebe Waller-Bridge
43%
The Mummy RW Rachel Weisz
43%
True Blood, Killing Eve, Harry potter FS Fiona Shaw
42%
Luther, Mrs Wilson, His Dark Materials RW Ruth Wilson
42%
Emma, The New mutants, the Queens Gambit ATJ Anya Taylor Joy
40%
Barely Lethal, Game of thrones, married to Joe jonas ST Sophie Turner
40%
The Crown, Breathe CF Claire Foy
39%
Ophelia, Chaos Walking, Star wars force awakens DR Daisy Ridley
38%
Call the midwife, The Railway children JA Jenny Agutter
38%
Guardians of the Galaxy, Doctor who, Avengers endgame KG Karen Gillan
38%
Derry Girls, Bridgerton NC Nicola Coughlan
38%
Gone Girl RP Rosamund Pike
38%
Shape of water, Paddington SH Sally Hawkins
38%
Doctor who, the office, Lauren ( am i bovverd) CT catherine Tate
35%
Captain america the first avenger, Agent Carter HA Hayley Atwell
35%
Victoria, Doctor who, The Serpent JC Jenna Coleman
35%
quantum of solace, St Trinians GA Gemma Arterton
33%
I Hate suzie, secret diary of a call girl, Doctor who BP Billie Piper
32%
Miss Peregrines home for peculiar children, The Luminaries, Sherlock EG Eva Green
31%
Call the midwife HG Helen George
31%
Doctor Who, Black Mirror JW Jodie Whitaker
29%
Good Will Hunting, Ella Enchanted, Will & Grace MD Minnie Driver
29%
Beauty and the beast, Mr Poppers Penguins AL Angela Lansbury
28%
Raya and the last dragon, Sherlock, Being Human, Crazy rich asians GC Gemma Chan
28%
Game of thrones, Doctor Who MW Maisie Williams
26%
Paper Towns, Pan, Valerian CD Cara Delevingne
22%
Poldark, The Nevers, Te White Queen ET Eleanor Tomlinson
22%
Mockingjay parts 1 and 2, Elementary, Game of thrones ND Natalie Dormer
22%
Ford V ferrari, Now you see me, Outlander CB Caitriona Balfe
19%
Supergirl, Merlin KM katie McGrath
19%
Doctor Who, A Discovery of witches AK Alex Kingston
18%
Bridgerton PD Phoebe Dynevor
18%
The Good Place JJ Jameela Jamil
17%
Lemonade Mouth, Charlie's Angels, Aladdin NS Naomi Scott
17%
New amsterdam, sense 8, Doctor who FA freema Agyeman
15%
Maze Runner, Spinning out, Extremely wicked, shockingly evil and vile KS Kaya Scodelario
13%
Wonderwoman, The chilling adventures of sabrina LD Lucy Davis
11%
Ballet Shoes, The Politician, Bohemian Rhapsody LB Lucy Boynton
10%
the chilling adventures of sabrina, Doctor who MG Michelle Gomez
10%
the abc Murders, The Witcher AC Anya Chalotra
7%
No matching quizzes found
Score Distribution
Percent of People with Each Score
Percentile by Number Answered
Your Score History
You have not taken this quiz since the last reset